[Event "Challenge"]
[Site "http://www.queenalice.com/game.php?id=342613"]
[Date "2008.1.25"]
[Round "-"]
[White "Pilzi"]
[Black "webtiger"]
[Result "1-0"]
[WhiteElo "1442"]
[BlackElo "1275"]

1. c4 e6 2. Nc3 a5 3. a4 c6 4. d4 Bb4 5. c5 d6 6. Bd2 e5 7. Ne4 dxc5 8. dxc5 Bf5
9. Nd6+ Kf8 10. Nxf5 h5 11. Nd6 Qd7 12. e4 Nf6 13. f3 Na6 14. Qb3 Nd5 15. exd5
Nxc5 16. Qe3 Qxd6 17. Bc4 Qg6 18. Bxb4 axb4 19. Qxc5+ Ke8 20. Rc1 Qxg2 21. Qd6
Rd8 22. Qxe5+ Kd7 23. Qf5+ Kd6 24. Qf4+ Kc5 25. Bf1+ Kb6 26. Bxg2 Rhe8+ 27. Kf2
Rxd5 28. Qxf7 Red8 29. Ne2 Rd2 30. Qxh5 R8d5 31. Qg6 Re5 32. Rhe1 Rxb2 33. Ra1
Ka5 34. f4 Re4 35. Bxe4 b3 36. Qf5+ Kb4 37. Qf8+ c5 38. Bxb7 g6 39. Rac1 Ra2 40.
Qxc5+ Kxa4 41. Bc6# 1-0

[Event "Challenge"]
[Site "http://www.queenalice.com/game.php?id=342953"]
[Date "2008.1.26"]
[Round "-"]
[White "Kay"]
[Black "webtiger"]
[Result "1/2-1/2"]
[WhiteElo "1299"]
[BlackElo "1236"]

1. d4 Na6 2. Na3 e6 3. Nf3 h6 4. h4 f5 5. c4 d6 6. Rg1 Bd7 7. c5 Nf6 8. e3 e5 9.
dxe5 dxe5 10. Nxe5 Be6 11. Ng6 Rg8 12. Qa4+ Bd7 13. c6 Bxc6 14. Bb5 Nc5 15.
Bxc6+ Nfd7 16. Qc4 bxc6 17. Qxg8 Nd3+ 18. Ke2 N3e5 19. Nxf8 Nxf8 20. Qxg7 Qd3+
21. Ke1 Ng4 22. Bd2 Rd8 23. Nb1 Rd7 24. Qc3 Ne6 25. Qxd3 Rxd3 26. Ke2 Nc5 27.
Rc1 Rd5 28. f3 Ne5 29. Nc3 f4 30. Nxd5 Ned3 31. Rc3 cxd5 32. Rxd3 c6 33. Rd4 Ne6
34. Ra4 c5 35. b3 d4 36. Ra6 Nc7 37. Rxh6 fxe3 38. b4 c4 39. Be1 Nd5 40. g3 d3+
41. Kf1 e2+ 42. Kf2 c3 43. Rh5 Nxb4 44. Rb1 Nc2 45. Re5+ Kd7 46. Bxc3 a6 47.
Rd5+ Kc6 48. Rxd3 Na3 49. Re1 Nb5 50. Bh8 Kc5 51. Rxe2 Kc4 52. a4 Nc7 53. Rd6 a5
54. Rc6+ Kd5 55. Rxc7 Kd6 56. Rh7 Kc6 57. Rb2 Kd5 58. Bc3 Kc4 59. Bxa5 Kd3 60.
Re7 Kc4 61. Rc7+ Kd5 62. Rd2+ Ke6 63. h5 Kf5 64. h6 Kg6 65. h7 Kh6 66. h8=Q+ Kg6
67. Rd5 1/2-1/2

[Event "Challenge"]
[Site "http://www.queenalice.com/game.php?id=352544"]
[Date "2008.2.11"]
[Round "-"]
[White "webtiger"]
[Black "Pilzi"]
[Result "0-1"]
[WhiteElo "1279"]
[BlackElo "1534"]

1. a4 a5 2. Ra3 e5 3. Re3 d6 4. f4 Nc6 5. Nf3 f6 6. g4 Bxg4 7. Rg1 h5 8. c3 Qd7
9. Qc2 Rh6 10. h3 Bxh3 11. Nh4 Bxf1 12. Kxf1 Nge7 13. b3 Nd5 14. f5 Nxe3+ 15.
dxe3 d5 16. c4 d4 17. e4 Nb4 18. Qd2 g5 19. fxg6 c5 20. Nf5 Rxg6 21. Rxg6 Qc6
22. Rg8 Kf7 23. Rh8 Ke6 24. Na3 Qxe4 25. Rxh5 d3 26. e3 Qf3+ 27. Qf2 Qxh5 28. e4
Qh1+ 29. Qg1 Qf3+ 30. Qf2 Qxe4 31. Be3 Nc2 32. Nb5 Nxe3+ 33. Nxe3 Qh1+ 34. Qg1
Qh3+ 35. Ng2 Qf3+ 36. Qf2 Qd1+ 37. Ne1 d2 38. Nc7+ Kf7 39. Nxa8 Qxe1+ 40. Qxe1
dxe1=Q+ 41. Kxe1 Ke6 42. Nc7+ Kd7 43. Nd5 f5 44. Nf6+ Ke6 45. Nd5 f4 46. Kf2 Bh6
47. Nc7+ Kd7 48. Nb5 e4 49. Nc3 e3+ 50. Kf3 Ke6 51. Kg4 Ke5 52. Kf3 Kd4 53. Ne2+
Kd3 54. Nc1+ Kd2 55. Ne2 b6 56. Ng1 Kc2 57. Nh3 Kxb3 58. Ng1 Kxa4 59. Ne2 Kb4
60. Ke4 Kxc4 61. Nc1 b5 62. Nd3 b4 63. Ne5+ Kc3 64. Ng4 e2 65. Nxh6 e1=Q+ 66.
Kxf4 Qh4+ 67. Ng4 b3 68. Kf5 b2 69. Ne5 b1=Q+ 70. Ke6 Qb3+ 71. Kd6 Qd4+ 72. Kc6
Qe6+ 73. Kb5 Qb4# 0-1

[Event "Challenge"]
[Site "http://www.queenalice.com/game.php?id=353505"]
[Date "2008.2.12"]
[Round "-"]
[White "webtiger"]
[Black "sdbrasil"]
[Result "0-1"]
[WhiteElo "1260"]
[BlackElo "1168"]

1. h4 d5 2. a4 Be6 3. Ra3 Qc8 4. f3 Nf6 5. c4 Bf5 6. e4 Qd7 7. Qb3 Na6 8. Qxb7
Qc8 9. Qb5+ c6 10. Qb3 e6 11. exf5 exf5 12. Qe3+ Be7 13. g4 O-O 14. h5 Bxa3 15.
Nxa3 Qd8 16. b4 d4 17. Qf4 Nc7 18. h6 Ne6 19. Qxf5 g6 20. Qd3 Nf4 21. Qc2 d3 22.
Qc3 a5 23. g5 Re8+ 24. Ne2 Rb8 25. b5 cxb5 26. cxb5 Re6 27. Bh3 Re8 28. gxf6 Rc8
29. Bxc8 Nxe2 30. Qc4 Qxf6 31. Kf2 Nf4 32. Qa2 Rxc8 33. Bb2 Qf5 34. Ba1 Re8 35.
Qb2 Re2+ 36. Kf1 f6 37. Nc4 Qg5 38. Nd6 Qg2# 0-1

[Event "Challenge"]
[Site "http://www.queenalice.com/game.php?id=354608"]
[Date "2008.2.15"]
[Round "-"]
[White "edsonholanda"]
[Black "webtiger"]
[Result "1-0"]
[WhiteElo "1633"]
[BlackElo "1262"]

1. e4 e5 2. Nf3 h5 3. d4 f6 4. dxe5 g5 5. exf6 Qxf6 6. c3 g4 7. Nd4 Rh7 8. Bc4
h4 9. Bxg8 Bd6 10. Bxh7 g3 11. Qh5+ Qf7 12. Qxf7+ Kxf7 13. hxg3 c5 14. Nf5 Nc6
15. Nxd6+ Kg7 16. Bf5 Ne5 17. Bg5 a5 18. Rxh4 Nd3+ 19. Kd2 Nxb2 20. Rh7+ Kg8 21.
Na3 b6 22. Rah1 Ba6 23. Rh8+ Kg7 24. Rxa8 Nc4+ 25. Naxc4 Bxc4 26. Nxc4 Kf7 27.
Rh7# 1-0

[Event "Challenge"]
[Site "http://www.queenalice.com/game.php?id=370255"]
[Date "2008.3.13"]
[Round "-"]
[White "webtiger"]
[Black "Hugo62"]
[Result "1-0"]
[WhiteElo "1259"]
[BlackElo "1363"]

1. Nf3 f6 2. c4 b6 3. b4 d6 4. b5 c5 5. d4 Nd7 6. e4 Bb7 7. d5 e5 8. dxe6 Ne5 9.
a4 Qe7 10. Ra3 Bxe4 11. Nc3 Bf5 12. Nd5 Qxe6 13. Nc7+ Ke7 14. Nxe6 Kxe6 15. Qd5+
Kd7 16. a5 Ne7 17. Qxa8 h6 18. Nh4 Be6 19. Qxa7+ Ke8 20. Qxb6 Nc8 21. Qb8 g5 22.
b6 Nc6 23. Qc7 Nd4 24. b7 Ne7 25. b8=Q+ Kf7 26. Bd3 gxh4 27. Qxd6 Bg7 28. Qb7
Re8 29. Qxc5 Nc6 30. Qcxc6 Bf8 31. Qe4 f5 32. Qxh4 Kg7 33. Qxh6+ Kf7 34. Qh5+
Kg7 35. Bb2+ Kg8 36. Qh8+ Kf7 37. Qh7+ Bg7 38. Qxg7# 1-0

[Event "Challenge"]
[Site "http://www.queenalice.com/game.php?id=372247"]
[Date "2008.3.16"]
[Round "-"]
[White "webtiger"]
[Black "gilsinho22"]
[Result "0-1"]
[WhiteElo "1291"]
[BlackElo "1575"]

1. a4 a5 2. e4 Nc6 3. d4 e5 4. c3 Nf6 5. d5 Na7 6. g4 Nxe4 7. Nf3 Bc5 8. Be3 d6
9. h3 Bxe3 10. fxe3 Ng3 11. Bg2 Nxh1 12. Bxh1 e4 13. Nd4 Qh4+ 14. Ke2 Qxh3 15.
Qf1 Bxg4+ 16. Kf2 Qh2+ 17. Bg2 Bf3 18. Nxf3 exf3 19. Kxf3 Qe5 20. Ra3 Qf6+ 21.
Ke2 Qxf1+ 22. Kxf1 O-O 23. e4 f5 24. Ke2 f4 25. Bf3 Rae8 26. Nd2 c6 27. c4 c5
28. Rb3 Rb8 29. Bg4 g6 30. Rh3 h5 31. Be6+ Kg7 32. Nf3 Kh6 33. Bg4 Rfe8 34. Kd3
Nc8 35. b3 Ne7 36. e5 dxe5 37. Nxe5 Ng8 38. Nf7+ Kg7 39. Ng5 Re3+ 40. Rxe3 fxe3
41. Ne6+ Kf6 42. d6 hxg4 43. Nxc5 Nh6 44. Nd7+ Ke6 45. Nxb8 Kxd6 46. Kxe3 Kc7
47. Kf4 Kxb8 48. Kg3 Kc7 49. Kh4 Kd6 50. Kg5 g3 51. Kxh6 g2 52. Kxg6 g1=Q+ 53.
Kf5 Qb1+ 54. Kf4 Qxb3 55. Ke4 Qxc4+ 56. Kf5 Qe6+ 57. Kf4 Kc5 58. Kf3 Kb4 59. Kf4
Kxa4 60. Kg5 b5 61. Kf4 b4 0-1

[Event "Challenge"]
[Site "http://www.queenalice.com/game.php?id=373027"]
[Date "2008.3.18"]
[Round "-"]
[White "webtiger"]
[Black "edsonholanda"]
[Result "0-1"]
[WhiteElo "1238"]
[BlackElo "1649"]

1. c4 d6 2. b4 g6 3. b5 a6 4. a4 axb5 5. cxb5 b6 6. h3 c6 7. Nc3 cxb5 8. Nxb5
Bd7 9. Rb1 Rxa4 10. Qxa4 Nf6 11. Qa7 Bh6 12. Ba3 O-O 13. Nc7 b5 14. g4 e6 15.
Bxd6 Nc6 16. Qb6 Qb8 17. Qc5 Rc8 18. Rxb5 Qa7 19. Rb6 Qa1+ 20. Rb1 Qxb1+ 21. Qc1
Qxc1# 0-1

[Event "Challenge"]
[Site "http://www.queenalice.com/game.php?id=374982"]
[Date "2008.3.21"]
[Round "-"]
[White "Drica"]
[Black "webtiger"]
[Result "1-0"]
[WhiteElo "1678"]
[BlackElo "1240"]

1. e4 a6 2. Bc4 b5 3. Bd5 c6 4. Bb3 e6 5. Qf3 f5 6. exf5 Qa5 7. fxe6 dxe6 8.
Qh5+ g6 9. Qe5 Ra7 10. Qxh8 Ne7 11. Qxh7 Rd7 12. Bxe6 Rc7 13. Qf7+ Kd8 14. Qxf8#
1-0

[Event "Challenge"]
[Site "http://www.queenalice.com/game.php?id=378322"]
[Date "2008.3.28"]
[Round "-"]
[White "gordonpdx"]
[Black "webtiger"]
[Result "0-1"]
[WhiteElo "1345"]
[BlackElo "1239"]

1. c4 e5 2. Nc3 f5 3. g3 e4 4. Bg2 g5 5. e3 g4 6. h3 gxh3 7. Bxh3 d6 8. d3 Nf6
9. Nge2 c5 10. Nf4 Bh6 11. f3 Qa5 12. Bd2 Na6 13. Ncd5 Qd8 14. fxe4 fxe4 15.
Nxf6+ Qxf6 16. Bc3 Qxc3+ 17. Qd2 Qe5 18. O-O-O Nb4 19. b3 Rg8 20. Bg2 Qa1# 0-1

[Event "Runde 2"]
[Site "http://www.queenalice.com/game.php?id=385234"]
[Date "2008.4.10"]
[Round "-"]
[White "webtiger"]
[Black "Kay"]
[Result "0-1"]
[WhiteElo "1273"]
[BlackElo "1472"]

1. e3 e5 2. Qe2 g6 3. g3 h5 4. g4 hxg4 5. Qxg4 c6 6. a3 d5 7. Qf3 e4 8. Qg3 Bd6
9. f4 f5 10. Qxg6+ Kf8 11. b3 Qh4+ 12. Qg3 Qxg3+ 13. Ke2 Rxh2+ 14. Rxh2 Qxh2+
15. Ke1 Qxg1 16. d4 c5 17. Nd2 Qxe3+ 18. Be2 Qxd4 19. Rb1 Bxf4 20. Bb2 Bxd2+ 21.
Kf1 Bc3 22. Rd1 Qxd1+ 23. Bxd1 Bxb2 24. a4 a6 25. a5 Nc6 26. Bh5 f4 27. Ke2 Nxa5
28. Kd2 b5 29. c3 b4 30. cxb4 cxb4 31. Kc2 Bf6 32. Bg6 Bh3 33. Bh5 Rc8+ 34. Kd2
Nxb3+ 35. Ke2 f3+ 36. Ke3 Bg5+ 37. Kf2 Nf6 38. Bg6 Nd4 39. Kg3 Bg4 40. Kf2 Bh5
41. Bxh5 Nxh5 42. Ke1 e3 43. Kf1 Rc1# 0-1

[Event "Challenge"]
[Site "http://www.queenalice.com/game.php?id=391018"]
[Date "2008.4.21"]
[Round "-"]
[White "webtiger"]
[Black "gordonpdx"]
[Result "0-1"]
[WhiteElo "1279"]
[BlackElo "1348"]

1. e4 e5 2. c4 Nf6 3. d3 Bc5 4. a3 Nc6 5. Bd2 d6 6. b4 Bd4 7. Ra2 Ng4 8. h4 Nxf2
9. Qa4 Nxh1 10. Nh3 Qxh4+ 11. Kd1 Nf2+ 12. Kc1 Bg4 13. Bg5 Nxd3+ 14. Bxd3 Qe1+
15. Kc2 Bd1+ 16. Kc1 Bxa4# 0-1

[Event "Challenge"]
[Site "http://www.queenalice.com/game.php?id=393080"]
[Date "2008.4.25"]
[Round "-"]
[White "Hugo62"]
[Black "webtiger"]
[Result "0-1"]
[WhiteElo "1368"]
[BlackElo "1302"]

1. Nf3 f5 2. e3 d5 3. Nd4 e5 4. Nb3 e4 5. Nd4 c5 6. Ne2 g5 7. Na3 Bd7 8. Nc3 a6
9. Qh5+ Ke7 10. Qxg5+ Nf6 11. f4 h6 12. Qh4 Rg8 13. g3 Rg4 14. Qh3 Nc6 15. Na4
Nb4 16. Nxc5 Qa5 17. Nxb7 Qb6 18. d4 Qxb7 19. Bd2 a5 20. O-O-O Ra6 21. Kb1 Ba4
22. Rc1 Rc6 23. c3 Nd3 24. Bxd3 exd3 25. Be1 Ne4 26. Qh5 d2 27. Rd1 Nxc3+ 28.
Ka1 Nxd1 29. b3 Ke6 30. Bxd2 Bxa3 31. Qxh6+ Kf7 32. Qh7+ Rg7 33. Qh8 Bxb3 34.
Kb1 Bc2+ 35. Ka1 Qb1# 0-1

[Event "Challenge"]
[Site "http://www.queenalice.com/game.php?id=393263"]
[Date "2008.4.25"]
[Round "-"]
[White "webtiger"]
[Black "edsonholanda"]
[Result "0-1"]
[WhiteElo "1304"]
[BlackElo "1610"]

1. g4 e6 2. h4 g6 3. g5 f6 4. f4 fxg5 5. hxg5 Nc6 6. d4 Bb4+ 7. c3 Ba5 8. b4 Bb6
9. e4 d5 10. e5 Nge7 11. b5 Na5 12. Ba3 c6 13. Qa4 cxb5 14. Bxb5+ Bd7 15. Nd2
O-O 16. Rb1 Bxb5 17. Rxb5 Rc8 18. Ne2 Nf5 19. Nb3 Nxb3 20. axb3 Ne3 21. b4 a6
22. Rc5 Bxc5 23. dxc5 Ng2+ 24. Kf2 Nxf4 25. Nd4 Nd3+ 26. Ke2 Nxe5 27. Nxe6 Qe8
28. Nd4 Qxa4 29. Bc1 Qa2+ 30. Bd2 Qc4+ 31. Kd1 Nf3 32. Nxf3 Rxf3 33. Re1 Qg4 34.
Kc2 d4 35. Re7 dxc3 36. Bxc3 Qxg5 37. Rg7+ Kf8 38. Rxh7 a5 39. Rh8+ Ke7 40. Rxc8
Qf5+ 41. Kd2 Qxc8 42. Ke2 Rxc3 43. Kd2 axb4 44. c6 Qxc6 45. Ke2 Qg2+ 46. Kd1 Qa2
47. Ke1 Rc1# 0-1

[Event "Challenge"]
[Site "http://www.queenalice.com/game.php?id=402975"]
[Date "2008.5.14"]
[Round "-"]
[White "webtiger"]
[Black "presidentdalsace"]
[Result "1-0"]
[WhiteElo "1291"]
[BlackElo "1160"]

1. Nf3 d6 2. h3 g6 3. g4 b6 4. g5 e6 5. d4 Bb7 6. c4 Na6 7. a3 Qd7 8. Nc3 O-O-O
9. Nb5 Kb8 10. Bf4 f6 11. h4 e5 12. dxe5 fxe5 13. Bh3 Qc6 14. a4 Qxc4 15. e3
exf4 16. b3 Qc3+ 17. Nxc3 d5 18. e4 Bb4 19. Ke2 Bxc3 20. Rc1 Ba5 21. Ne5 Rf8 22.
Nd7+ 1-0

[Event "Challenge"]
[Site "http://www.queenalice.com/game.php?id=408436"]
[Date "2008.5.26"]
[Round "-"]
[White "webtiger"]
[Black "MONTENEGRO"]
[Result "0-1"]
[WhiteElo "1321"]
[BlackElo "1345"]

1. e3 e5 2. h4 d5 3. d4 e4 4. f4 Nf6 5. g4 Bxg4 6. Be2 Bxe2 7. Nxe2 Be7 8. a3
Ng4 9. b4 Bxh4+ 10. Kf1 Nf2 11. Qe1 Nxh1 12. Qc3 Ng3+ 13. Nxg3 Bxg3 14. Nd2 O-O
15. Nb3 Qh4 16. Qxc7 Qh1+ 17. Ke2 Na6 18. Qe7 Qg2+ 19. Kd1 Qf1+ 20. Kd2 Be1+ 21.
Kd1 Bc3# 0-1

[Event "Challenge"]
[Site "http://www.queenalice.com/game.php?id=411626"]
[Date "2008.6.1"]
[Round "-"]
[White "webtiger"]
[Black "Kay"]
[Result "1-0"]
[WhiteElo "1265"]
[BlackElo "1526"]

1. d4 d5 2. b4 b5 3. Nc3 c6 4. a4 e6 5. axb5 Bxb4 6. Qd3 Bxc3+ 7. Qxc3 cxb5 8.
h4 h6 9. h5 Nf6 10. f4 Nc6 11. Qxc6+ Bd7 12. Qb7 Rc8 13. Rxa7 Bc6 14. Qxf7# 1-0

[Event "Challenge"]
[Site "http://www.queenalice.com/game.php?id=418279"]
[Date "2008.6.16"]
[Round "-"]
[White "Aldino"]
[Black "webtiger"]
[Result "1-0"]
[WhiteElo "1658"]
[BlackElo "1306"]

1. e4 e5 2. Nc3 h5 3. Nf3 d6 4. d3 Nh6 5. h3 f6 6. Nh4 Nf7 7. Be2 g5 8. Nf5 Be6
9. Ne3 c5 10. Ned5 Nc6 11. Bxh5 Qa5 12. O-O Nd4 13. Nxf6+ Ke7 14. Nfd5+ Kd8 15.
Bxf7 Bxf7 16. Bxg5+ Kd7 17. Nf6+ Ke6 18. Qg4+ Ke7 19. Qd7# 1-0

[Event "Challenge"]
[Site "http://www.queenalice.com/game.php?id=423562"]
[Date "2008.6.26"]
[Round "-"]
[White "webtiger"]
[Black "Kay"]
[Result "0-1"]
[WhiteElo "1300"]
[BlackElo "1590"]

1. Nc3 e5 2. Nf3 Nc6 3. Ne4 f5 4. Neg5 h6 5. c3 hxg5 6. d4 g4 7. Nxe5 Nxe5 8.
dxe5 g5 9. g3 f4 10. gxf4 gxf4 11. Bxf4 Nh6 12. h3 Nf5 13. e4 g3 14. fxg3 d6 15.
exf5 Bxf5 16. g4 Qh4+ 17. Ke2 Bxg4+ 18. hxg4 Qxh1 19. Qd3 O-O-O 20. e6 Bh6 21.
Be5 dxe5 22. Qf5 Qh2+ 23. Kf3 Rhf8 24. e7+ Rxf5+ 25. gxf5 Qf4+ 26. Ke2 Rd2+ 27.
Ke1 Qf2# 0-1

[Event "Challenge"]
[Site "http://www.queenalice.com/game.php?id=431023"]
[Date "2008.7.10"]
[Round "-"]
[White "edsonholanda"]
[Black "webtiger"]
[Result "1-0"]
[WhiteElo "1614"]
[BlackElo "1296"]

1. e4 e5 2. Nf3 f6 3. Bc4 Ne7 4. O-O a6 5. Nc3 c6 6. d4 b5 7. Bb3 g5 8. dxe5
fxe5 9. Nxe5 d5 10. exd5 cxd5 11. Nxd5 Bg7 12. Nxe7 Qxe7 13. Bxg5 Qxg5 14. Nf7
Qc5 15. Nxh8 Bb7 16. Re1+ Kf8 17. Qd8# 1-0